Normale Ansicht
MARC-Ansicht
Eintrag Personenname
001 - Kontrollnummer
- Kontrollfeld: 64413
003 - Kontrollnummer Identifier
- Kontrollfeld: RU-10907106
005 - Datum und Zeit der letzten Transaktion
- Kontrollfeld: 20240628184142.0
008 - Datenelemente mit fester Länge
- Kontrollfeld mit fester Länge: 240628|| aca||aabn | a|a d
040 ## - Katalogisierungsquelle
- Original-Katalogisierungsstelle: RU-10907106
- Übertragungsstelle: RU-10907106
100 ## - Ansetzung - Personenname
- Personenname: Rudlin, John
670 ## - Datenquelle
- Quellenangabe: Work cat.: (RU-10907106)71411: Crick, Oliver. 64412, Commedia Dell'Arte :